000 00341nam a2200133Ia 4500
005 20260326100042.0
008 260326s9999||||xx |||||||||||||| ||und||
100 _aAlleyne, Warren
245 0 _aHistoric BridgeTown /
_cWarren Alleyne
260 _bBarbados National Trust
300 _a117 p.
650 _aARQUITECTURA REGIONAL
942 _cBK
999 _c7053
_d7053